000 00379nam a2200145Ia 4500
008 230917s9999||||xx |||||||||||||| ||und||
040 _e53453
_aMAIN
041 _aEnglish
082 _aB N315N:L
100 _aLamb, Beatrice Pitney
245 0 _aNehru's of India: Three generations of leadership
260 _aNew York
_bMacMillan
_c1967
300 _avii, 276 p.
942 _cBK
999 _c37881
_d37881